书目信息 |
| 题名: |
多维视角下语用学探究
|
|
| 作者: | 高琳 著 | |
| 分册: | ||
| 出版信息: | 北京 北京工业大学出版社 2021.10 |
|
| 页数: | 131页 | |
| 开本: | 26cm | |
| 丛书名: | ||
| 单 册: | ||
| 中图分类: | H030 | |
| 科图分类: | ||
| 主题词: | 语用学--yu yong xue--研究 | |
| 电子资源: | ||
| ISBN: | 978-7-5639-7149-7 | |
| 000 | 00896nam0 2200241 450 | |
| 001 | CAL 010137573 | |
| 005 | 20230217093113.0 | |
| 010 | @a978-7-5639-7149-7@dCNY56.00 | |
| 100 | @a20220112d2021 em y0chiy0120 ea | |
| 101 | 0 | @achi |
| 102 | @aCN@b110000 | |
| 105 | @ay a 000yy | |
| 106 | @ar | |
| 200 | 1 | @a多维视角下语用学探究@Aduo wei shi jiao xia yu yong xue tan jiu@f高琳著 |
| 210 | @a北京@c北京工业大学出版社@d2021.10 | |
| 215 | @a131页@d26cm | |
| 320 | @a有书目 (第131页) | |
| 330 | @a本书从多维视角对语用学进行深入的解读, 首先介绍了语用学理论、语用学哲学思想与历史回顾, 然后讲述了言语行为理论、语用预设, 最后重点分析了会话视角下的语用研究、跨文化视角下的语用研究、礼貌的语用研究, 以及语用教学与语用能力培养等内容。 | |
| 606 | 0 | @a语用学@Ayu yong xue@x研究 |
| 690 | @aH030@v5 | |
| 701 | 0 | @a高琳@Agao lin@4著 |
| 801 | 0 | @aCN@bBJXHZP@c20230228 |
| 905 | @b1404448-51@dH030@e168@f4 | |
| 多维视角下语用学探究/高琳著.-北京:北京工业大学出版社,2021.10 |
| 131页;26cm |
| ISBN 978-7-5639-7149-7:CNY56.00 |
| 本书从多维视角对语用学进行深入的解读, 首先介绍了语用学理论、语用学哲学思想与历史回顾, 然后讲述了言语行为理论、语用预设, 最后重点分析了会话视角下的语用研究、跨文化视角下的语用研究、礼貌的语用研究, 以及语用教学与语用能力培养等内容。 |
| ● |
| 相关链接 |
|
|
|
|
正题名:多维视角下语用学探究
索取号:H030/168
 
预约/预借
| 序号 | 登录号 | 条形码 | 馆藏地/架位号 | 状态 | 备注 |
| 1 | 1404448 | 214044489 | 第二样本阅览室/ [索取号:H030/168] | 在馆 | |
| 2 | 1404449 | 214044498 | 第四借阅区/ [索取号:H030/168] | 在馆 | |
| 3 | 1404450 | 214044504 | 第四借阅区/ [索取号:H030/168] | 在馆 | |
| 4 | 1404451 | 214044513 | 第四借阅区/ [索取号:H030/168] | 在馆 |